Aeration systems for the treatment of effluent from latex concentrate factories (Record no. 53902)

MARC details
000 -LEADER
fixed length control field 00487nam a2200145Ia 4500
100 ## - MAIN ENTRY--AUTHOR NAME
Personal name Ibrahim A
245 #0 - TITLE STATEMENT
Title Aeration systems for the treatment of effluent from latex concentrate factories
260 ## - PUBLICATION, DISTRIBUTION, ETC. (IMPRINT)
Name of publisher Proceedings of the International Rubber Conference, Kuala Lumpur, Malaysia, V.2. 1985; p202-208
650 ## - SUBJECT ADDED ENTRY--TOPICAL TERM
Topical Term Aeration system
650 ## - SUBJECT ADDED ENTRY--TOPICAL TERM
Topical Term Effluent treatment
650 ## - SUBJECT ADDED ENTRY--TOPICAL TERM
Topical Term Latex concentrate
700 ## - ADDED ENTRY--PERSONAL NAME
Personal name John C K
942 ## - ADDED ENTRY ELEMENTS (KOHA)
Koha item type Journals
Holdings
Withdrawn status Lost status Damaged status Not for loan Home library Current library Shelving location Date acquired Koha item type
      Journals RRII Library RRII Library Rubber chemistry 17/12/2021 Journals